000 00916nam a2200301Ia 4500
003 OSt
005 20221007121359.0
006 a|||||r|||| 00| 0
007 ta
008 221006b |||||||| |||| 00| 0 eng d
020 _a9780124186729 (hbk)
024 _a194654
037 _cTextual
040 _aBDL
_cBDL
_beng
041 _2eng
_aeng
082 _aI:(G:F), Q4 Carb
100 _aBorem Aluizio Ed.
245 0 _aBiotechnology and plant breeding
_b Fritsche-Neto Roberto Ed.
260 _aLondon
_bAcademic Press
_c2014
300 _axi, 257p. ill.
_ccm.
500 _aIndex 249-25p.
650 _a Double haploids
_9711712
650 _a Transgenic plants
_9458167
650 _aGenes prospection
_9711713
700 _a Fritsche-Neto Roberto Ed.
942 _hI:(G:F), Q4 Carb
_cTEXL
_2CC
999 _c1208810
_d1208810